• 首页
  • 本馆介绍
  • 公告通知
  • 最新文献
  • 馆藏检索
  • 电子资源
  • 读者导购
  • 参考咨询
  • 我的图书馆
  • 登录
  • 详细信息显示
  • 放入我的书架
  • 预约/预借图书
  • 作者相关作品
  • 分类相关作品
  • 丛书相关作品
  • 出版社相关作品

书目信息

  • 表格格式
  • 工作单格式
  • 卡片格式
题名:
北洋军阀统治时期史话
    
 
作者: 陶菊隐 著
分册: 第三册   督军团叛变和复辟政变时期
出版信息: 北京   三联书店  1957
页数: 226页
开本: 19cm
丛书名:
单 册:
中图分类: K258.2
科图分类:
主题词: 中国--历史--1840~1949
电子资源:
ISBN:
000 00669nam0 2200217 45
001 0178002338
005 20060819172806.35
010    @dCNY0.46
091    @a11002.156
100    @a19950726e19781957em y0chiy0121 ea
101 0  @achi
102    @aCN@b110000
105    @ay z 000yy
200 10 @a北洋军阀统治时期史话@Abei yang jun fa tong zhi shi qi shi hua@h第三册@i督军团叛变和复辟政变时期@e一九一六年六月至一九一七年七月@f陶菊隐著
210    @a北京@c三联书店@d1957@h1978重印
215    @a226页@d19cm
606 0  @a中国@x历史@z1840~1949
690    @aK258.2
701  0 @a陶菊隐@Atao ju yin@4著
801  0 @aCN@bNLC@c20060819
905    @f1@b1100@dK258.2@e44:3
    
    北洋军阀统治时期史话.第三册.督军团叛变和复辟政变时期:一九一六年六月至一九一七年七月/陶菊隐著.-北京:三联书店,1957(1978重印)
    226页;19cm
    
    
    ISBN :CNY0.46
    
●
相关链接 在E读中查询图书 在五车中查询图书 在当当中查询图书 在豆瓣中查询图书


正题名:北洋军阀统治时期史话     索取号:K258.2/44:3         预约/预借

序号 登录号 条形码 馆藏地/架位号 状态 备注
1 0001100   001897601   密集书库/ [索取号:K258.2/44:3] 在馆    
2 0467013   204670132   密集书库/ [索取号:K258.2/44:3] 在馆    
唐山师范学院图书馆 欢迎您!
大连网信软件有限公司© 版权所有